01193cam a2200277I 45000010008000000030006000080050017000140080041000310100013000720350019000850400061001040500020001650820017001851000038002022450038002402500014002782600041002923000027003333360026003603370028003863380027004145200270004416300019007116550039007307760146007691194577OCoLC20190116153856.0750228s1948 nyu i 000 0 eng c a48009181 a(OCoLC)1194577 aCSUbengcCSUdOCLdDRBdOCLCGdOCLCFdOCLCQdOCLCOdRCT 4aBS432b.B4 1948 a220.2bB533T1 aBerrey, Lester V.,d1907-eeditor12aA treasury of Biblical quotations a[1st ed.] aGarden City, N.Y.,bDoubleday,c1948 aviii, 240 pagesc22 cm atextbtxt2rdacontent aunmediatedbn2rdamedia avolumebnc2rdacarrier aA thesaurus of the significant pointed passages of Scripture topically classified and so organized for ready reference, that all who seek the desired verse, the pertinent passage, the comforting or instructive Scripture on any subject may find it quickly and easily00aBiblevIndexes 7aIndexes.2fast0(OCoLC)fst0142376108iOnline version:aBerrey, Lester V., 1907-tTreasury of Biblical quotations.b[1st ed.].dGarden City, N.Y., Doubleday, 1948w(OCoLC)608915638